000 01229cam a2200277 4500
001 ABS65546
008 020527n2002 000 0 eng u
035 _a(Sirsi) u118143
245 2 _aA few home truths on homeworking
260 _c2002
490 _aEstates Gazette
_v(0218) 4 May 2002, 146-147(2)
520 _aThe growth of homeworking is raising questions over whether such workers are catagorised as employees or self-employed. The answer is important as an employee is protected in law. The answer depends on the specific conditions of employment: whether there is a contract of service or a contract for services. Using cases, the article illustrates how courts decide what status a person is regardless of the label given them.
590 _aABS
650 _aREADY MIXED CONCRETE (SOUTH EAST) LTD V MINISTER OF PENSIONS AND NATIONAL INSURANCE
650 _aMONTGOMERY V JOHNSON UNDERWOOD LTD
650 _aHOMEWORKING
650 _aCONDITIONS OF EMPLOYMENT
650 _aEMPLOYEES
650 _aEMPLOYEE PROTECTION
650 _aCONTRACTORS
650 _aSUB-CONTRACTORS
650 _aSELF-EMPLOYMENT
650 _aEXPRESS & ECHO PUBLICATIONS LTD V TANTON
690 _aMANAGEMENT
942 _n0
999 _c70354
_d70354